00390nam a2200169Ia 4500003000400000005001700004008004100021040000700062041000800069082001900077100000900096245002700105260004800132365000800180650001400188650001800202OSt20230628163339.0210423s9999 xx 000 0 und d cAL aeng a305.4 CALW223 aCALL aWomen and criminal law bCommercial Law PublicationaNew Delhic2003 cINR aSociology aWomen Studies